Sanjhi Beri / (Record no. 524259)

000 -LEADER
fixed length control field 00465nam a22001697a 4500
003 - CONTROL NUMBER IDENTIFIER
control field NUST
038 ## - RECORD CONTENT LICENSOR
Staff Name waseem
082 ## - DEWEY DECIMAL CLASSIFICATION NUMBER
Classification number 891.422
Author Mark BAB
100 ## - MAIN ENTRY--PERSONAL NAME
Personal name Garjakhi,Babu Javed
9 (RLIN) 15068
245 ## - TITLE STATEMENT
Title Sanjhi Beri /
Statement of responsibility, etc. Babu Javed Garjakhi
260 ## - PUBLICATION, DISTRIBUTION, ETC.
Place of publication, distribution, etc. Gujranwala :
Name of publisher, distributor, etc. Farogh e Adab Akadmi,
Date of publication, distribution, etc. 1997.
300 ## - PHYSICAL DESCRIPTION
Extent 160 p. ;
500 ## - GENERAL NOTE
General note Hardcover.
880 ## - ALTERNATE GRAPHIC REPRESENTATION
Linkage 100-01\r
Title بابوجاویدگرجاکھی
880 ## - ALTERNATE GRAPHIC REPRESENTATION
Linkage 245-02\r
Title سانجھی بیڑی /
942 ## - ADDED ENTRY ELEMENTS (KOHA)
Source of classification or shelving scheme
Koha item type Book
Holdings
Withdrawn status Lost status Source of classification or shelving scheme Damaged status Not for loan Permanent Location Current Location Shelving location Date acquired Total Checkouts Full call number Barcode Date last seen Price effective from Koha item type
          Central Library (CL) Central Library (CL) Punjabi Literature 06/19/2019   891.422 BAB CL-E-941 06/19/2019 06/19/2019 Book
© 2023 Central Library, National University of Sciences and Technology. All Rights Reserved.